Electrical condition (Record no. 504)

MARC details
000 -LEADER
fixed length control field 00532nam a2200181Ia 4500
003 - CONTROL NUMBER IDENTIFIER
control field IN-BaIIA
008 - FIXED-LENGTH DATA ELEMENTS--GENERAL INFORMATION
fixed length control field 211028s9999 xx 000 0 eng d
040 ## - CATALOGING SOURCE
Transcribing agency IIA Library
080 ## - UNIVERSAL DECIMAL CLASSIFICATION NUMBER
Universal Decimal Classification number 523.31
Item number COX
100 ## - MAIN ENTRY--PERSONAL NAME
Personal name Coxworthy, Franklin
9 (RLIN) 1158
245 #0 - TITLE STATEMENT
Title Electrical condition
Remainder of title how and where our earth was created
Statement of responsibility, etc. Franklin Coxworthy
260 ## - PUBLICATION, DISTRIBUTION, ETC.
Place of publication, distribution, etc. London
Name of publisher, distributor, etc. J S Phillips
Date of publication, distribution, etc. 1924
300 ## - PHYSICAL DESCRIPTION
Extent xiii, 163p.
650 ## - SUBJECT ADDED ENTRY--TOPICAL TERM
Topical term or geographic name entry element Astronomy and astrophysics thesaurus
650 ## - SUBJECT ADDED ENTRY--TOPICAL TERM
Topical term or geographic name entry element Earth
650 ## - SUBJECT ADDED ENTRY--TOPICAL TERM
Topical term or geographic name entry element Earth - origin
9 (RLIN) 1159
942 ## - ADDED ENTRY ELEMENTS (KOHA)
Koha item type Books
Holdings
Withdrawn status Lost status Damaged status Not for loan Home library Current library Shelving location Date acquired Total Checkouts Full call number Barcode Date last seen Price effective from Koha item type
        IIA Library-Bangalore IIA Library-Bangalore General Stacks     523.31/ COX 523 05/11/2021   Books

Powered by Koha